00377nam a2200145Ia 450000500170000000800410001702000190005804000090007708200130008610000220009924500370012126000340015830000260019252100130021820220829111552.0220713s9999 xx 000 0 und d a978 1920475512 c3228 aAKF SMUR aHattingh, Anzelle 0aSMURFIES: DIE HONDERDSTE SMURFIE aPretoriabFantasi booksc2012 a[unnumbered]c23.5 cm achildren